Real Sociedad 2025/26 Squad - Statistics

General Stats
  • This quiz has been taken 19 times
  • The average score is 19 of 25
Answer Stats
Hint Answer % Correct
FW 🇪🇸 Mikel Oyarzabal
100%
LW 🇵🇹 Gonçalo Guedes
94%
RW 🇯🇵 Takefusa Kubo
94%
GK 🇪🇸 Álex Remiro
83%
FW 🇮🇸 Orri Óskarsson
83%
LB 🇪🇸 Aihen Muñoz
78%
CB 🇪🇸 Aritz Elustondo
78%
CB 🇭🇷 Duje Caleta-Car
78%
RB 🇻🇪 Jon Aramburu
78%
CB 🇪🇸 Jon Martín
78%
CM 🇭🇷 Luka Sucic
78%
LB 🇪🇸 Sergio Gómez
78%
GK 🇪🇸 Unai Marrero
78%
CM 🇻🇪 Yangel Herrera
78%
LW 🇪🇸 Ander Barrenetxea
72%
CM 🇪🇸 Beñat Turrientes
72%
AM 🇪🇸 Brais Méndez
72%
CM 🇪🇸 Carlos Soler
72%
CB 🇪🇸 Igor Zubeldia
72%
DM 🇪🇸 Jon Gorrotxategi
72%
FW 🇪🇸 Jon Karrikaburu
67%
LW 🇧🇷 Wesley
67%
AM 🇷🇺 Arsen Zakharyan
61%
AM 🇪🇸 Pablo Marín
61%
RB 🇪🇸 Álvaro Odriozola
56%
No matching quizzes found
Score Distribution
Percent of People with Each Score
Percentile by Number Answered
Your Score History
You have not taken this quiz